Aplikácia opčného modelu v procese finančného rozhodovania podniku

Ocenenie opčného práva štandardnými prístupmi. Štatistické alebo ekonometrické modely oceňovania, empirické (rovnovážne) modely. Finančné rozhodovanie o posúdení efektívnosti investičného projektu.

Na minha lista:
Detalhes bibliográficos
Autor principal: Markovič, Peter, 1974-
Formato: Capítulo de Livro
Idioma:eslovaco
Assuntos:
Tags: Adicionar Tag
Sem tags, seja o primeiro a adicionar uma tag!

MARC

LEADER 00000naa$a2200000$$$4500
001 0125250
005 20240502083317.6
041 0 |a slo 
044 |a CZ 
245 1 0 |a Aplikácia opčného modelu v procese finančného rozhodovania podniku  |c Peter Markovič 
520 |a Ocenenie opčného práva štandardnými prístupmi. Štatistické alebo ekonometrické modely oceňovania, empirické (rovnovážne) modely. Finančné rozhodovanie o posúdení efektívnosti investičného projektu. 
610 2 0 |a rozhodovanie finančné 
610 2 0 |a podnik 
610 2 0 |a modely ekonometrické 
610 2 0 |a modely rovnováhy 
610 2 0 |a modely štatistické 
610 2 0 |a investície 
610 2 0 |a riziko úverové 
100 1 |a Markovič, Peter, 1974-